000
002490000a22000970004500
100
1
_a
Feldman, Louis H.
245
1
0
_a
Josephus' portrait of Elisha
300
_a
Vol. 36, Num. 1 (Enero, 1994), Páginas 1-28
773
0
_t
Novum Testamentum
942
_c
ANA
999
_c
56855
_d
56855